| Поле | Инд. | ПП | Название | Значение |
|---|---|---|---|---|
| Тип записи | a | |||
| Библиографический уровень | m | |||
| 001 | Контрольный номер | 202b541a8dcc4afdaaa47ef0f3f6a649 | ||
| 005 | Дата корректировки | 20241220100148.6 | ||
| 084 | a | Индекс другой классификации/Индекс ББК | 87 | |
| 097 | b | Оператор | Попеленкова | |
| 245 | 10 | a | Заглавие | Вестник Московского университета. Серия 7. Философия |
| n | Номер части/ раздела | 2 | ||
| 260 | c | Дата издания | 2024 | |
| 900 | a | Имя макрообъекта | 000000380633 | |
| 901 | t | Тип документа | s |